000 00443nam a22001817a 4500
003 koha_MIRAKIL
005 20231213065243.0
008 231213b |||||||| |||| 00| 0 ||| d
020 _b978-1-42401057-8
040 _aTR-IsEVY
_btur
_cTR-IsEVY
082 _a420 WAR/G
100 _aWARING , ROB.
245 0 _aGORILLA WATCHING TOURS.
260 _bTHOMSON HEINLE,
_c2008
300 _a[ ] p.
650 _aİngiliz Dili.
942 _2ddc
_cBK
999 _c525
_d525